[Event "Herceg Novi YUG"]
[Site "Herceg Novi YUG"]
[Date "1983.??.??"]
[Round "?"]
[White "Kasparov, Gary"]
[Black "Korchnoi, Viktor L"]
[Result "1-0"]
[WhiteElo "2690"]
[BlackElo "2600"]
[PlyCount "63"]
[EventDate "1983.??.??"]
[Source "www.chesslib.no"]
[SourceDate "2004.05.04"]

1. d4 Nf6 2. c4 e6 3. Nc3 Bb4 4. e3 O-O 5. a3 Bxc3+ 6. bxc3 d6 7. Bd3 e5 8. e4 c5 9. Ne2 Nc6 10. O-O Bg4 11. f3 Bh5 12. d5 Na5 13. g4 Bg6 14. h4 Nxg4 15. fxg4 Qxh4 16. Rf2 Qxg4+ 17. Rg2 Qd7 18. Ng3 f6 19. Raa2 b5 20. cxb5 c4 21. Be2 Qxb5 22. Bg4 Nb7 23. Rab2 Qc5+ 24. Kh1 Qc7 25. Be6+ Kh8 26. Nf5 Nc5 27. Rxg6 Nxe6 28. Rh2 Kg8 29. Rxh7 Kxh7 30. Qh5+ Kg8 31. dxe6 Rfe8 32. Bh6 1-0

[Event "Camp. russo a squadre 2007"]
[Site "Sochi RUS"]
[Date "2007.05.05"]
[Round "4"]
[White "Eljanov, P."]
[Black "Khairullin, I."]
[Result "1-0"]
[WhiteElo "2686"]
[BlackElo "2586"]
[PlyCount "181"]
[EventDate "2007.05.02"]
[Source "www.chesslib.no"]
[SourceDate "2004.05.04"]

1. d4 Nf6 2. c4 e6 3. Nc3 Bb4 4. e3 O-O 5. a3 Bxc3+ 6. bxc3 c5 7. Ne2 Nc6 8. Ng3 b6 9. e4 Ne8 10. Be3 Qe7 11. Bd3 Na5 12. dxc5 bxc5 13. Qa4 Nc6 14. f4 Rb8 15. O-O f6 16. e5 fxe5 17. f5 Rb2 18. fxe6 Nf6 19. Bc1 Rb6 20. Bg5 Nd8 21. Qxa7 Rxe6 22. Nf5 Qe8 23. Qxc5 Nb7 24. Qe3 Kh8 25. c5 d5 26. Rab1 Nd7 27. Qg3 Rf7 28. Qh4 e4 29. Bb5 Nbxc5 30. Be3 Qf8 31. Bd4 Rxf5 32. Rxf5 Qxf5 33. Qd8+ Qf8 34. Qxf8+ Nxf8 35. Bxc5 Ng6 36. a4 h6 37. a5 Ne5 38. Bf1 Ba6 39. Rb6 Rxb6 40. axb6 Nd3 41. Bd4 Kg8 42. h4 h5 43. Kh2 g6 44. g4 hxg4 45. Kg3 Kf7 46. Kxg4 Bb7 47. Be2 Nb2 48. Kf4 Nd3+ 49. Kg5 Nb2 50. Bb5 Nc4 51. Kf4 Nd6 52. Be2 Ke6 53. Bg4+ Kf7 54. Bc5 Nc4 55. Bd7 Nb2 56. Bd4 Nc4 57. Ba4 Nb2 58. Bb5 Nd3+ 59. Kg4 Nb2 60. Kg5 Nc4 61. Kf4 Nd6 62. Ba4 Nc4 63. Bd7 Nb2 64. Bh3 Nc4 65. Bc5 Nb2 66. Bd4 Nc4 67. Bf1 Ke6 68. Be2 Nd6 69. Bd1 Nc4 70. Bc5 Nb2 71. Bg4+ Kf7 72. Bd4 Nc4 73. Bd7 Nb2 74. Bb5 Nd3+ 75. Ke3 Nb2 76. Bc5 Nc4+ 77. Kf4 Ke6 78. Be8 Ne5 79. Bd4 Nf3 80. Kg4 Nxd4 81. cxd4 Kf6 82. Kf4 Ba8 83. Bd7 Bb7 84. Bb5 Ke6 85. Kg5 Kf7 86. Bf1 Bc8 87. Be2 Bb7 88. Bb5 Kg7 89. Be8 Ba6 90. Bxg6 e3 91. Bh5 1-0

[Event "Campionato europeo 2007"]
[Site "Dresda GER"]
[Date "2007.04.06"]
[Round "4.32"]
[White "Eljanov, Pavel"]
[Black "Chuchelov, Vladimir"]
[Result "1-0"]
[WhiteElo "2686"]
[BlackElo "2539"]
[PlyCount "93"]
[EventDate "2007.04.03"]
[Source "www.chesslib.no"]
[SourceDate "2004.05.04"]

1. d4 Nf6 2. c4 e6 3. Nc3 Bb4 4. e3 O-O 5. a3 Bxc3+ 6. bxc3 b6 7. Bd3 Bb7 8. Ne2 Bxg2 9. Rg1 Be4 10. Ng3 Bxd3 11. Qxd3 Nc6 12. e4 Ne8 13. h4 f6 14. Ra2 Kh8 15. f3 Qe7 16. Rag2 Qf7 17. Ne2 Na5 18. Nf4 e5 19. Nd5 c6 20. Ne3 Rc8 21. h5 exd4 22. cxd4 d5 23. cxd5 cxd5 24. Bd2 dxe4 25. fxe4 Qb3 26. Ke2 Qxd3+ 27. Kxd3 Nb7 28. Nf5 Rc7 29. Bf4 Rd7 30. Ke3 Nbd6 31. Nxd6 Nxd6 32. Bxd6 Rxd6 33. Rxg7 a5 34. Rb7 f5 35. Rf1 Rfd8 36. Rxf5 Rxd4 37. Rff7 Rd3+ 38. Kf4 h6 39. Rxb6 Rxa3 40. Rxh6+ Kg8 41. Rhh7 Rh3 42. Rfg7+ Kf8 43. Ra7 Kg8 44. Raf7 Rf8 45. e5 Ra3 46. Rhg7+ Kh8 47. Ke4 1-0

[Event "Julian Borowski 4th"]
[Site "Essen"]
[Date "2002.05.17"]
[Round "2"]
[White "Jussupow, Artur"]
[Black "Luther, Thomas"]
[Result "1-0"]
[WhiteElo "2618"]
[BlackElo "2566"]
[PlyCount "61"]
[EventDate "2002.05.16"]
[Source "ChessBase"]
[SourceDate "2002.09.20"]

1. d4 e6 2. c4 Nf6 3. Nc3 Bb4 4. e3 O-O 5. a3 Bxc3+ 6. bxc3 c5 7. Bd3 d5 8. cxd5 Qxd5 9. Nf3 b6 10. Qe2 cxd4 11. cxd4 Bb7 12. O-O Nbd7 13. Bb2 Rfd8 14. Rfd1 Rac8 15. Ne1 Nf8 16. f3 Qg5 17. e4 Nh5 18. Qd2 Nf4 19. Bf1 e5 20. g3 f5 21. Bg2 N8e6 22. gxf4 Nxf4 23. d5 Bxd5 24. exd5 Rxd5 25. Qxd5+ Nxd5 26. Rxd5 Rc5 27. Rd3 h5 28. Rad1 Kh7 29. R1d2 Qf4 30. Re2 Rb5 31. Rdd2 1-0

[Event "Tan Chin Nam Cup"]
[Site "Qingdao"]
[Date "2002.07.07"]
[Round "7"]
[White "Kaidanov, Gregory S"]
[Black "Liang Chong"]
[Result "1-0"]
[WhiteElo "2638"]
[BlackElo "2529"]
[PlyCount "57"]
[EventDate "2002.07.04"]
[Source "ChessBase"]
[SourceDate "2002.11.12"]

1. d4 Nf6 2. c4 e6 3. Nc3 Bb4 4. e3 O-O 5. a3 Bxc3+ 6. bxc3 c5 7. Bd3 d6 8. Ne2 e5 9. e4 Re8 10. f3 Nbd7 11. O-O Nf8 12. Be3 b6 13. Qd2 Ng6 14. Kh1 Nh5 15. Bg5 Nf6 16. Be3 h6 17. Rf2 Bd7 18. g4 Nh7 19. Ng3 Ng5 20. Nf5 Nh3 21. Rg2 Nhf4 22. Rg3 cxd4 23. cxd4 Qc7 24. Rag1 Kh8 25. Bf1 Rg8 26. h4 Raf8 27. h5 Bxf5 28. gxf5 Nxh5 29. Bxh6 1-0

[Event "XXIII Open"]
[Site "Cappelle la Grande FRA"]
[Date "2007.03.07"]
[Round "6"]
[White "Georgiev, Vl"]
[Black "Postny, E."]
[Result "0-1"]
[WhiteElo "2525"]
[BlackElo "2616"]
[PlyCount "159"]
[EventDate "2007.03.03"]
[Source "www.chesslib.no"]
[SourceDate "2004.05.04"]

1. d4 e6 2. c4 Nf6 3. Nc3 Bb4 4. e3 O-O 5. a3 Bxc3+ 6. bxc3 d5 7. cxd5 exd5 8. Bd3 b6 9. Ne2 Ba6 10. Bxa6 Nxa6 11. Qd3 Qc8 12. O-O c5 13. f3 Re8 14. Nf4 Qb7 15. g4 Nc7 16. g5 Nd7 17. Ra2 Ne6 18. Nh3 Nef8 19. Rg2 Qc6 20. Nf2 Rac8 21. Ng4 Ng6 22. Bd2 Nh4 23. Rg3 cxd4 24. exd4 Qg6 25. Nh6+ Kh8 26. Qb5 Qc6 27. Nxf7+ Kg8 28. Qxc6 Rxc6 29. g6 Nxg6 30. Ng5 Nf6 31. Kf2 Nh5 32. Rg4 Rf6 33. Nh3 Rf5 34. Rg5 Rxg5 35. Bxg5 h6 36. Bd2 Re6 37. Rb1 a6 38. a4 Kf7 39. c4 dxc4 40. Rb4 Rc6 41. d5 Rd6 42. Rxc4 Rxd5 43. Rc7+ Ke6 44. Be3 Ne5 45. Bxb6 Rd2+ 46. Ke3 Rd3+ 47. Kf2 Rd2+ 48. Ke3 Rd3+ 49. Kf2 Rxf3+ 50. Kg2 Ra3 51. a5 Ra2+ 52. Kf1 Rxh2 53. Nf2 g5 54. Rc3 Nf6 55. Bd4 Rh4 56. Bxe5 Kxe5 57. Rc6 Ne4 58. Nxe4 Kxe4 59. Kg2 Kf5 60. Rxa6 Kg4 61. Ra8 Rh3 62. a6 Ra3 63. a7 Ra2+ 64. Kf1 h5 65. Rb8 Rxa7 66. Rb4+ Kh3 67. Rb3+ Kh4 68. Rb2 g4 69. Kg2 Ra5 70. Rc2 Kg5 71. Kh2 h4 72. Rb2 Ra4 73. Rb5+ Kf4 74. Rb2 h3 75. Rf2+ Kg5 76. Rf8 Ra2+ 77. Kg1 Kh4 78. Rf1 g3 79. Rf4+ Kg5 80. Rf1 0-1

[Event "4th IECC"]
[Site "Istanbul"]
[Date "2003.06.13"]
[Round "13"]
[White "David, Alberto"]
[Black "Naiditsch, Arkadij"]
[Result "0-1"]
[WhiteElo "2548"]
[BlackElo "2588"]
[PlyCount "70"]
[EventDate "2003.05.30"]
[Source "Roberto Alvarez"]
[SourceDate "2003.06.23"]

1. d4 Nf6 2. c4 e6 3. Nc3 Bb4 4. e3 O-O 5. a3 Bxc3+ 6. bxc3 b6 7. Bd3 Ba6 8. e4 Ne8 9. Nh3 Nc6 10. e5 f5 11. exf6 Nxf6 12. Bg5 Na5 13. Qe2 c5 14. O-O cxd4 15. cxd4 Re8 16. Rac1 h6 17. Be3 Qc7 18. c5 Bxd3 19. Qxd3 Ng4 20. Nf4 bxc5 21. Rxc5 Nc6 22. h3 Nxe3 23. fxe3 Qd6 24. Qe4 Rab8 25. Rf3 Ne7 26. Rg3 Nf5 27. Rg6 Rb3 28. Nd3 Ng3 29. Qe5 Qxe5 30. Nxe5 Rb1+ 31. Kh2 Nf1+ 32. Kg1 Nxe3+ 33. Kh2 Kh7 34. Rc7 Rf1 35. Rxd7 Nf5 0-1

[Event "Montreal Open"]
[Site "Montreal CAN"]
[Date "1995.??.??"]
[Round "4"]
[White "Sagalchik, Gennadij"]
[Black "Rozentalis, Eduardas"]
[Result "1/2-1/2"]
[WhiteElo "2530"]
[BlackElo "2600"]
[PlyCount "31"]
[EventDate "1995.??.??"]
[Source "www.chesslib.no"]
[SourceDate "2004.05.04"]

1. d4 Nf6 2. c4 e6 3. Nc3 Bb4 4. e3 O-O 5. Bd3 c5 6. a3 Bxc3+ 7. bxc3 d6 8. Ne2 e5 9. e4 Re8 10. f3 Nbd7 11. O-O Nf8 12. Be3 Qe7 13. Qc2 Ng6 14. g3 h6 15. Kg2 Be6 16. Kh1 1/2-1/2

[Event "CRO-chT"]
[Site "Medulin"]
[Date "2002.09.10"]
[Round "2"]
[White "Cebalo, Miso"]
[Black "Palac, Mladen"]
[Result "0-1"]
[WhiteElo "2548"]
[BlackElo "2564"]
[PlyCount "100"]
[EventDate "2002.09.09"]
[Source "ChessBase"]
[SourceDate "2002.11.06"]

1. d4 Nf6 2. c4 e6 3. Nc3 Bb4 4. e3 O-O 5. a3 Bxc3+ 6. bxc3 b6 7. Bd3 Bb7 8. f3 Nc6 9. e4 Ne8 10. Ne2 Ba6 11. Rb1 d6 12. Ng3 Na5 13. Qe2 c5 14. d5 Qd7 15. Nf1 exd5 16. cxd5 Bxd3 17. Qxd3 f5 18. Ng3 fxe4 19. Nxe4 Nf6 20. Nxf6+ Rxf6 21. Kf2 Qf5 22. Qxf5 Rxf5 23. Rd1 Re8 24. Rb2 Ree5 25. Rbd2 Nc4 26. Rd3 b5 27. g4 Rf7 28. f4 Re4 29. Re1 Rfe7 30. Rxe4 Rxe4 31. h3 g6 32. Rd1 Nb6 33. Kf3 Rc4 34. Rd3 b4 35. axb4 cxb4 36. Ke2 Na4 37. Kd2 b3 38. Ba3 Rxf4 39. Rd4 b2 40. Rxf4 b1=Q 41. Rxa4 Qa2+ 42. Kc1 Qb3 43. Rxa7 Qxc3+ 44. Kb1 Qd3+ 45. Ka2 Qxd5+ 46. Kb1 Qd3+ 47. Ka2 Qxh3 48. Bb2 Qxg4 49. Rg7+ Kf8 50. Rxh7 g5 0-1

[Event "St Petersburg op"]
[Site "St Petersburg"]
[Date "1994.??.??"]
[Round "5"]
[White "Ryskin, Alexander"]
[Black "Ehlvest, Jaan"]
[Result "1/2-1/2"]
[WhiteElo "2500"]
[BlackElo "2610"]
[PlyCount "31"]
[EventDate "1994.02.??"]
[Source "ChessBase"]

1. d4 Nf6 2. c4 e6 3. Nc3 Bb4 4. e3 O-O 5. a3 Bxc3+ 6. bxc3 b6 7. Bd3 Bb7 8. f3 Nc6 9. e4 Ne8 10. Nh3 Ba6 11. Qe2 Na5 12. Bg5 f6 13. Bh4 Nd6 14. e5 Nf5 15. Bxf5 exf5 16. exf6 1/2-1/2

[Event "Yerevan ol (Men)"]
[Site "Yerevan"]
[Date "1996.??.??"]
[Round "2"]
[White "Yurtaev, Leonid"]
[Black "Timman, Jan H"]
[Result "0-1"]
[WhiteElo "2515"]
[BlackElo "2590"]
[PlyCount "54"]
[EventDate "1996.09.??"]
[Source "www.chesslib.no"]
[SourceDate "2004.05.04"]

1. d4 Nf6 2. c4 e6 3. Nc3 Bb4 4. e3 O-O 5. a3 Bxc3+ 6. bxc3 b6 7. Bd3 Bb7 8. Nf3 Ne4 9. O-O f5 10. Ne1 c5 11. f3 Nd6 12. Be2 Qe7 13. dxc5 bxc5 14. Rb1 Bc6 15. a4 Nb7 16. Nd3 d6 17. Nf4 Na5 18. e4 fxe4 19. fxe4 Nd7 20. Bg4 Rf6 21. Re1 Ne5 22. Nd3 Nxg4 23. Qxg4 Rg6 24. Qh5 e5 25. Nf2 Qf7 26. Qh4 Rf8 27. Ng4 Rxg4 0-1

[Event "Porz"]
[Site "Porz"]
[Date "1992.??.??"]
[Round "8"]
[White "Vaganian, Rafael A"]
[Black "Chuchelov, Vladimir"]
[Result "1-0"]
[WhiteElo "2615"]
[BlackElo "2490"]
[PlyCount "65"]
[EventDate "1992.08.??"]
[Source "ChessBase"]

1. d4 Nf6 2. c4 e6 3. Nc3 Bb4 4. e3 O-O 5. a3 Bxc3+ 6. bxc3 b6 7. Bd3 Ba6 8. e4 Ne8 9. Nf3 Nc6 10. O-O Na5 11. e5 f5 12. Bg5 Qc8 13. Nd2 d5 14. exd6 Nxd6 15. Qe2 Qd7 16. Bf4 Rae8 17. Rab1 Qc6 18. Rb4 Bb7 19. Nf3 Nf7 20. h4 Qd7 21. Rd1 c5 22. Rbb1 Bxf3 23. Qxf3 cxd4 24. cxd4 Qxd4 25. Bxf5 Qc5 26. Rb5 Qc6 27. Be4 Qxc4 28. Bd3 Qa4 29. Qh5 h6 30. Rb4 Qxa3 31. Qg6 Nh8 32. Qh7+ Kf7 33. Bd6 1-0

[Event "III President's Cup"]
[Site "Baku AZE"]
[Date "2008.05.13"]
[Round "2"]
[White "Sokolov, Iv NED"]
[Black "Abasov, N."]
[Result "1-0"]
[WhiteElo "2690"]
[BlackElo "2375"]
[PlyCount "41"]
[EventDate "2008.05.12"]
[Source "www.chesslib.no"]
[SourceDate "2004.05.04"]

1. d4 Nf6 2. c4 e6 3. Nc3 Bb4 4. e3 O-O 5. Bd3 c5 6. a3 Bxc3+ 7. bxc3 b6 8. e4 d5 9. cxd5 exd5 10. e5 Ne4 11. Ne2 Qh4 12. O-O c4 13. Bb1 f6 14. f3 Ng5 15. Nf4 fxe5 16. dxe5 Rd8 17. Nxd5 Ne6 18. f4 Rd7 19. Bf5 Rf7 20. g3 Qh6 21. Be4 1-0

[Event "NED-ch"]
[Site "NED"]
[Date "1995.??.??"]
[Round "2"]
[White "Brenninkmeijer, Joris"]
[Black "Van der Sterren, Paul"]
[Result "1/2-1/2"]
[WhiteElo "2490"]
[BlackElo "2560"]
[PlyCount "55"]
[EventDate "1995.06.??"]
[Source "ChessBase"]

1. d4 Nf6 2. c4 e6 3. Nc3 Bb4 4. e3 O-O 5. a3 Bxc3+ 6. bxc3 d6 7. Ne2 c5 8. Ng3 Nc6 9. Bd3 b6 10. O-O Ba6 11. Bb2 Na5 12. Qe2 Rc8 13. Rac1 Qd7 14. e4 Qa4 15. f4 Bxc4 16. e5 dxe5 17. fxe5 Nd5 18. Ne4 cxd4 19. Nf6+ Nxf6 20. exf6 Bxd3 21. Qxd3 dxc3 22. fxg7 Rfd8 23. Rxc3 Nc4 24. Qxh7+ Kxh7 25. Rh3+ Kg6 26. Rg3+ Kh5 27. Rh3+ Kg6 28. Rg3+ 1/2-1/2

[Event "San Sebastian Open"]
[Site "San Sebastian ESP"]
[Date "1992.??.??"]
[Round "?"]
[White "Vaisser, Anatoli V"]
[Black "Veingold, Aleksandr"]
[Result "1-0"]
[WhiteElo "2580"]
[BlackElo "2465"]
[PlyCount "56"]
[EventDate "1992.??.??"]
[Source "www.chesslib.no"]
[SourceDate "2004.05.04"]

1. d4 Nf6 2. c4 e6 3. Nc3 Bb4 4. e3 O-O 5. a3 Bxc3+ 6. bxc3 d6 7. Ne2 e5 8. Ng3 Re8 9. Be2 b6 10. O-O Bb7 11. f3 e4 12. f4 Nbd7 13. f5 c5 14. Rf4 Rc8 15. Bd2 Qc7 16. Be1 d5 17. Nh5 dxc4 18. Bh4 cxd4 19. cxd4 c3 20. Rc1 c2 21. Qe1 Qc3 22. Qg3 Nxh5 23. Bxh5 Qd2 24. Rff1 Rc3 25. Bg5 Ba6 26. Bh6 g6 27. fxg6 fxg6 28. Bxg6 Qxg2+ 1-0

[Event "Dos Hermanas op 3rd"]
[Site "Dos Hermanas"]
[Date "2002.04.12"]
[Round "8"]
[White "Lalic, Bogdan"]
[Black "Del Rio Angelis, Salvador Gabriel"]
[Result "1/2-1/2"]
[WhiteElo "2523"]
[BlackElo "2509"]
[PlyCount "23"]
[EventDate "2002.04.05"]
[Source "ChessBase"]
[SourceDate "2002.05.03"]

1. d4 e6 2. c4 Nf6 3. Nc3 Bb4 4. e3 O-O 5. a3 Bxc3+ 6. bxc3 b6 7. Bd3 Bb7 8. f3 c5 9. e4 Ne8 10. Ne2 Nc6 11. O-O Na5 12. f4 1/2-1/2

[Event "Memorial Paul Keres Prelim"]
[Site "Tallinn EST"]
[Date "2009.01.09"]
[Round "2"]
[White "Smirnov, Arte"]
[Black "Yemelin, V."]
[Result "0-1"]
[WhiteElo "2449"]
[BlackElo "2578"]
[PlyCount "86"]
[EventDate "2009.01.09"]
[Source "www.chesslib.no"]
[SourceDate "2004.05.04"]

1. d4 e6 2. c4 Nf6 3. Nc3 Bb4 4. e3 O-O 5. a3 Bxc3+ 6. bxc3 b6 7. Bd3 Ba6 8. e4 Ne8 9. Ne2 Nc6 10. O-O Na5 11. f4 Bxc4 12. Bxc4 Nxc4 13. f5 f6 14. fxe6 dxe6 15. Ng3 Qd7 16. Qg4 Ned6 17. Bf4 f5 18. Qe2 fxe4 19. Bxd6 Nxd6 20. Nxe4 Nxe4 21. Qxe4 Qd5 22. Rxf8+ Rxf8 23. Re1 Qxe4 24. Rxe4 Rf6 25. g4 Kf7 26. Kg2 Ke7 27. h4 Kd6 28. Re5 h6 29. a4 c5 30. Kg3 Rf1 31. a5 Rc1 32. Re3 cxd4 33. cxd4 b5 34. a6 Rc6 35. Ra3 b4 36. Ra4 Rb6 37. Kf4 b3 38. Ra1 b2 39. Rb1 Kd5 40. Ke3 Rb3+ 41. Kd2 Kxd4 42. Kc2 Kc4 43. Ra1 Rc3+ 0-1

[Event "Tallinn Keres Mem fn"]
[Site "?"]
[Date "2005.01.09"]
[Round "4"]
[White "Balashov Yuri S"]
[Black "Brodsky Michail"]
[Result "1/2-1/2"]
[WhiteElo "2469"]
[BlackElo "2533"]
[PlyCount "63"]
[EventDate "2005.??.??"]
[Source "www.chesslib.no"]
[SourceDate "2004.05.04"]

1. d4 Nf6 2. c4 e6 3. Nc3 Bb4 4. e3 O-O 5. a3 Bxc3+ 6. bxc3 b6 7. Ne2 Ba6 8. Ng3 Nc6 9. e4 Ne8 10. Bd3 Na5 11. Qe2 c5 12. d5 e5 13. O-O Nb3 14. Rb1 Nxc1 15. Rbxc1 d6 16. f4 exf4 17. Rxf4 g6 18. Re1 Nf6 19. Nf5 gxf5 20. e5 dxe5 21. Rxf5 e4 22. Bxe4 Re8 23. Qf3 Rxe4 24. Rxe4 Nxe4 25. Qxe4 Bc8 26. Rh5 f5 27. Qe5 Bd7 28. Qg3+ Kh8 29. Qe5+ Kg8 30. Qg3+ Kh8 31. Qd6 Kg8 32. Qg3+ 1/2-1/2

[Event "XII Guillermo Garcia Prem I"]
[Site "Santa Clara"]
[Date "2004.05.26"]
[Round "6"]
[White "Otero, Diasmany"]
[Black "Bruzon Bautista, Lazaro"]
[Result "0-1"]
[WhiteElo "2399"]
[BlackElo "2602"]
[PlyCount "82"]
[EventDate "2004.05.20"]
[Source "Roberto Alvarez"]
[SourceDate "2004.06.07"]

1. d4 Nf6 2. c4 e6 3. Nc3 Bb4 4. a3 Bxc3+ 5. bxc3 c5 6. e3 O-O 7. e4 d6 8. Bd3 Nc6 9. Ne2 Ne8 10. O-O b6 11. Be3 Ba6 12. Ng3 Na5 13. Qe2 Qd7 14. a4 f5 15. f4 g6 16. d5 Ng7 17. exf5 gxf5 18. Rfe1 Rae8 19. Nf1 Rf7 20. Nd2 Rfe7 21. dxe6 Rxe6 22. Qf3 Bb7 23. Qh3 Qe7 24. Bf2 Qf6 25. Rxe6 Rxe6 26. Re1 Rxe1+ 27. Bxe1 Bc6 28. Bc2 Qe6 29. Bf2 Qd7 30. g4 Bxa4 31. Bd3 Qf7 32. gxf5 Bd7 33. Qh4 Bxf5 34. Be2 Nc6 35. Bf3 Ne7 36. Ne4 Qg6+ 37. Ng3 Kf8 38. Bd5 Ke8 39. Be3 Be6 40. Bxe6 Qxe6 41. Kf2 Qxe3+ 0-1

[Event "Balatonlelle HUN"]
[Site "?"]
[Date "2006.06.19"]
[Round "3.1"]
[White "Gonda Laszlo"]
[Black "Farago Ivan"]
[Result "1/2-1/2"]
[WhiteElo "2465"]
[BlackElo "2534"]
[PlyCount "49"]
[EventDate "2006.??.??"]
[Source "www.chesslib.no"]
[SourceDate "2004.05.04"]

1. d4 Nf6 2. c4 e6 3. Nc3 Bb4 4. e3 O-O 5. a3 Bxc3+ 6. bxc3 c5 7. Bd3 b6 8. e4 Ne8 9. Qh5 d6 10. e5 f5 11. exf6 Nxf6 12. Qh4 e5 13. Bg5 e4 14. Bxf6 Qxf6 15. Qxe4 Qxf2+ 16. Kd1 Bf5 17. Qd5+ Kh8 18. Bxf5 Qf1+ 19. Kd2 Qxa1 20. Qxa8 cxd4 21. cxd4 Qxd4+ 22. Bd3 Qb2+ 23. Kd1 Qa1+ 24. Kd2 Qb2+ 25. Kd1 1/2-1/2

[Event "Stockholm"]
[Site "Stockholm"]
[Date "1995.??.??"]
[Round "8"]
[White "Agrest, Evgenij"]
[Black "Davies, Nigel R"]
[Result "0-1"]
[WhiteElo "2475"]
[BlackElo "2505"]
[PlyCount "90"]
[EventDate "1995.08.??"]
[Source "ChessBase"]

1. d4 Nf6 2. c4 e6 3. Nc3 Bb4 4. e3 O-O 5. a3 Bxc3+ 6. bxc3 b6 7. Bd3 Bb7 8. f3 Nc6 9. e4 Ne8 10. Nh3 Qh4+ 11. Nf2 Ba6 12. O-O Na5 13. Qa4 d6 14. Ra2 c5 15. Re2 Rc8 16. d5 Nc7 17. e5 exd5 18. exd6 Ne6 19. g3 Qf6 20. d7 Rcd8 21. cxd5 Bxd3 22. Nxd3 Nc7 23. Qg4 Qg6 24. Qxg6 hxg6 25. Ne5 Nxd5 26. c4 Ne7 27. Rfe1 f6 28. Nd3 Nec6 29. Nf4 Nd4 30. Nxg6 Nxf3+ 31. Kf2 Nxe1 32. Rxe1 Rxd7 33. Nxf8 Kxf8 34. Re4 Rd3 35. Bf4 Rxa3 36. Bd6+ Kg8 37. h4 Rd3 38. Bf4 Kf7 39. Bb8 Nc6 40. Bf4 Rd4 41. Rxd4 Nxd4 42. Ke3 Nc6 43. Ke4 Ke6 44. Bc7 Ne5 45. Bb8 a5 0-1

[Event "Cappelle Open"]
[Site "Cappelle la Grande FRA"]
[Date "1993.??.??"]
[Round "2"]
[White "Markotic, Gordan"]
[Black "Petursson, Margeir"]
[Result "1/2-1/2"]
[WhiteElo "2405"]
[BlackElo "2560"]
[PlyCount "65"]
[EventDate "1993.02.??"]
[Source "www.chesslib.no"]
[SourceDate "2004.05.04"]

1. d4 Nf6 2. c4 e6 3. Nc3 Bb4 4. e3 O-O 5. a3 Bxc3+ 6. bxc3 c5 7. Bd3 b6 8. e4 Ne8 9. Qh5 Bb7 10. Nf3 f5 11. exf5 exf5 12. O-O Bxf3 13. Qxf3 Nc6 14. dxc5 bxc5 15. Be3 Nc7 16. Bxc5 Rf7 17. Bd6 Ne8 18. c5 Nxd6 19. cxd6 Ne5 20. Qd5 Nxd3 21. Qxd3 Rc8 22. Rfe1 Qa5 23. Rab1 a6 24. c4 Qc5 25. Rb7 Qxc4 26. Qxc4 Rxc4 27. Ra7 Rd4 28. a4 Rxd6 29. a5 Re7 30. Kf1 Rxe1+ 31. Kxe1 Rd3 32. Ke2 Ra3 33. Rxd7 1/2-1/2

[Event "XIX Czech Chladek & Tintera A Open"]
[Site "Pardubice CEC"]
[Date "2008.07.21"]
[Round "4"]
[White "Dobrowolski, P."]
[Black "Cvek, R."]
[Result "1/2-1/2"]
[WhiteElo "2426"]
[BlackElo "2532"]
[PlyCount "85"]
[EventDate "2008.07.18"]
[Source "www.chesslib.no"]
[SourceDate "2004.05.04"]

1. d4 Nf6 2. c4 e6 3. Nc3 Bb4 4. e3 O-O 5. a3 Bxc3+ 6. bxc3 d6 7. Bd3 e5 8. Ne2 e4 9. Bb1 Be6 10. Ng3 Bxc4 11. Nxe4 d5 12. Nc5 b6 13. Nd3 Nc6 14. O-O Na5 15. Bc2 Ne4 16. Bb2 f5 17. f3 Nd6 18. Rf2 Bxd3 19. Bxd3 Nac4 20. Bc1 Qd7 21. Raa2 Rae8 22. Rfe2 Re6 23. Re1 Rfe8 24. Rae2 a5 25. Qc2 g6 26. Qa2 Qc6 27. Kf2 a4 28. h3 h5 29. h4 Qb5 30. Rb2 Qa5 31. Rc2 b5 32. Qb1 f4 33. e4 dxe4 34. fxe4 Nxe4+ 35. Bxe4 Rxe4 36. Rxe4 Rxe4 37. Re2 Rxe2+ 38. Kxe2 Kf7 39. Qe4 Qxc3 40. Qxf4+ Kg8 41. Qe4 Qxc1 42. Qe8+ Kg7 43. Qe7+ 1/2-1/2

[Event "4th SICC Masters"]
[Site "Singapore SIN"]
[Date "2007.12.18"]
[Round "4"]
[White "Li Ruofan"]
[Black "Nguyen Anh Dung"]
[Result "1-0"]
[WhiteElo "2417"]
[BlackElo "2537"]
[PlyCount "125"]
[EventDate "2007.12.17"]
[Source "www.chesslib.no"]
[SourceDate "2004.05.04"]

1. d4 Nf6 2. c4 e6 3. Nc3 Bb4 4. e3 O-O 5. a3 Bxc3+ 6. bxc3 d6 7. Bd3 e5 8. f3 e4 9. fxe4 Nxe4 10. Nf3 Bf5 11. O-O Nxc3 12. Qc2 Bxd3 13. Qxd3 Na4 14. Qb3 Nb6 15. a4 a5 16. e4 Na6 17. Bd2 Nb4 18. Bxb4 axb4 19. Qxb4 Ra7 20. c5 dxc5 21. dxc5 Qe7 22. Nd4 Nc8 23. Qc4 Ra5 24. Nb3 Ra6 25. Qd5 c6 26. Qc4 Qc7 27. Nd4 Qe5 28. Rf5 Qe8 29. Raf1 Ne7 30. Rg5 Ng6 31. Nf5 Qe6 32. Qb4 Rfa8 33. Qxb7 Rxa4 34. Nd6 Ra1 35. Rgf5 Ne5 36. Nxf7 Nxf7 37. Rxf7 Rxf1+ 38. Rxf1 Re8 39. h3 h6 40. Re1 Kh7 41. Qc7 Qg6 42. Qf4 Re6 43. e5 Qc2 44. Kh2 Rg6 45. Qf3 Qxc5 46. Qe4 h5 47. e6 Qe7 48. Qxc6 h4 49. Qe4 Kh6 50. Qf4+ Kh7 51. Qf5 Qd6+ 52. Qe5 Qe7 53. Re4 Kg8 54. Qb8+ Kh7 55. Qf4 Kg8 56. Qe5 Kh7 57. Kh1 Kg8 58. Qd5 Rf6 59. Qd7 Kf8 60. Qc8+ Qe8 61. e7+ Kf7 62. Qc4+ Kg6 63. Rg4+ 1-0

[Event "I Open"]
[Site "Illes Medes SPA"]
[Date "2007.01.04"]
[Round "9"]
[White "Shengelia, D."]
[Black "Campos Moreno, J."]
[Result "0-1"]
[WhiteElo "2504"]
[BlackElo "2446"]
[PlyCount "154"]
[EventDate "2006.12.28"]
[Source "www.chesslib.no"]
[SourceDate "2004.05.04"]

1. d4 Nf6 2. c4 e6 3. Nc3 Bb4 4. e3 O-O 5. a3 Bxc3+ 6. bxc3 Nc6 7. Bd3 e5 8. Ne2 e4 9. Bb1 Na5 10. Ng3 Nxc4 11. Nxe4 Nxe4 12. Bxe4 d5 13. Bd3 Nd6 14. Qc2 g6 15. O-O Bf5 16. Bxf5 Nxf5 17. f3 c5 18. e4 Ng7 19. dxc5 Qe7 20. Be3 dxe4 21. fxe4 Rfe8 22. Qb3 Ne6 23. Rf2 Qc7 24. Raf1 Re7 25. Kh1 Rf8 26. Qc4 Rc8 27. Qa2 Qc6 28. Rf6 Qxe4 29. Qf2 Rf8 30. Bh6 Ng7 31. c4 Qxc4 32. Qb2 Qe2 33. Qb3 Nf5 34. R6xf5 gxf5 35. Qg3+ Qg4 36. Rxf5 Qxg3 37. hxg3 Re6 38. Bxf8 Kxf8 39. Rf4 Rc6 40. Rb4 Rc7 41. Kg1 Ke7 42. Kf2 Ke6 43. Ke3 Kd5 44. Kd3 Kxc5 45. Kc3 b5 46. Rh4 f6 47. Rh6 Rg7 48. Rxf6 Rxg3+ 49. Kb2 Rxg2+ 50. Kb3 Rg3+ 51. Kb2 Rg7 52. Rh6 a5 53. Rh5+ Kc4 54. Rh4+ Kd3 55. Kb3 Ke2 56. Rh5 Rb7 57. a4 bxa4+ 58. Kxa4 Ra7 59. Rh6 Kf3 60. Rh4 Kg2 61. Rh6 Kg3 62. Rh1 Rf7 63. Rg1+ Kh2 64. Rg5 Kh3 65. Kxa5 Kh4 66. Rg1 h5 67. Rh1+ Kg5 68. Rg1+ Kh6 69. Kb4 Rc7 70. Rh1 Kg5 71. Rg1+ Kf4 72. Rh1 Kg4 73. Rg1+ Kf3 74. Rh1 Rh7 75. Kc3 h4 76. Kd2 h3 77. Rf1+ Kg2 0-1

[Event "New York op"]
[Site "New York"]
[Date "1987.??.??"]
[Round "?"]
[White "Remlinger, Larry"]
[Black "Rohde, Michael A"]
[Result "0-1"]
[WhiteElo "2410"]
[BlackElo "2530"]
[PlyCount "122"]
[EventDate "1987.04.??"]
[Source "ChessBase"]

1. d4 Nf6 2. c4 e6 3. Nc3 Bb4 4. e3 O-O 5. a3 Bxc3+ 6. bxc3 d6 7. Ne2 e5 8. Ng3 Re8 9. Bd3 Nc6 10. O-O h6 11. Qc2 Qe7 12. f3 Bd7 13. Bd2 Rab8 14. Rae1 a6 15. Bc1 b5 16. cxb5 axb5 17. Qf2 d5 18. Nf5 Bxf5 19. Bxf5 e4 20. fxe4 Nxe4 21. Bxe4 dxe4 22. Qa2 Qd7 23. Rf4 Na5 24. Ref1 Nc4 25. a4 c6 26. axb5 cxb5 27. Qb1 Qb7 28. Qb4 Qe7 29. Qb3 Qe6 30. Qd1 Re7 31. Rf5 b4 32. cxb4 Rxb4 33. Qc2 Qa6 34. Rc5 Qa4 35. Rc8+ Kh7 36. Qf2 Qd7 37. Rc5 Qe6 38. h3 Ra7 39. Qc2 Nd6 40. Rc6 Rc4 41. Rxc4 Qxc4 42. Qxc4 Nxc4 43. Rf2 Ra1 44. Rf1 Kg6 45. Kf2 h5 46. h4 f6 47. Kg1 Kf7 48. Kf2 Ke6 49. Re1 Kf5 50. Kg3 Nxe3 51. Rxe3 Rxc1 52. Ra3 Rd1 53. Ra5+ Kg6 54. d5 Rf1 55. d6 e3 56. Ra2 f5 57. d7 f4+ 58. Kh2 Rd1 59. Ra6+ Kf5 60. Ra5+ Ke6 61. Ra2 Rxd7 0-1